000
00325nam a22001337a 4500
008
170615b xxu||||| |||| 00| 0 eng d
020
_a
2900495503254
041
_a
eng
080
_a
328
100
_a
19
101
_a
SHP
245
_a
AMERICAM GOVERNMENT AND POLITICS TODAY THE ESSENTOALS
_c
BARDE.SH
942
_2
udc
_c
BK
999
_c
17575
_d
17575